000 00288nam a22001337a 4500
008 170421b xxu||||| |||| 00| 0 eng d
020 _a9780030987960
041 _aeng
080 _23RD
_a573
100 _a11
101 _aSHM
245 _aA JOURNEY INTO LIFE
_cARMS
942 _2udc
_cBK
999 _c11564
_d11564